Paesi che Confinano con la Turchia - Statistics

Statistiche generali
  • Questo quiz è stato fatto 4.382 volte
  • Il punteggio medio è 7 su 8
Risposte nella Mappa
Le risposte nella mappa del quiz sottostante sono codificate secondo una scala di colori dal rosso al verde in base alla % di persone che hanno risposto correttamente.
 
Statistiche sulle risposte
Lunghezza del bordo Paese % Corretto
206 km Grecia
94%
499 km Iran
94%
311 km Iraq
94%
252 km Georgia
92%
822 km Siria
92%
268 km Armenia
91%
9 km Azerbaijan
86%
240 km Bulgaria
86%
Nessun quiz corrispondente trovato
Distribuzione punteggi
Percentuale di utenti per punteggio
Percentile per numero di risposta
I tuoi punteggi nel tempo
Non hai fatto questo quiz